| 000 | 01168am a2200409a 44500 | ||
|---|---|---|---|
| 003 | AR-BaBNM | ||
| 005 | 20251128210814.0 | ||
| 008 | 201020s1996 #AR|||||||||||000 | esp|| | ||
| 020 | _a84-493-0241-2 | ||
| 040 | _cAR-BaBNM | ||
| 100 | 1 | _aGiroux, Henry A. | |
| 245 | 1 | 0 |
_aPlaceres inquietantes _baprendiendo la cultura popular |
| 250 | _a1ª ed. | ||
| 260 |
_aBarcelona _aBuenos Aires _bPaidós _c1996 |
||
| 300 | _a272 p. | ||
| 490 | 0 |
_aPaidós educador _vv. 120 |
|
| 504 | _aContiene referencias bibliográficas en notas a pie de página | ||
| 600 | 1 | 4 | _aWitkowski, Lech |
| 600 | 1 | 4 | _aFreire, Paulo |
| 650 | 4 | _aCULTURA CONTEMPORANEA | |
| 650 | 4 | _aSISTEMAS CULTURALES | |
| 650 | 4 | _aCAMBIO SOCIAL | |
| 650 | 4 | _aCAMBIO CULTURAL | |
| 650 | 4 | _aESCUELAS PUBLICAS | |
| 650 | 4 | _aTEORIAS DE LA EDUCACION | |
| 650 | 4 | _aACTIVIDADES FUERA DE PROGRAMA | |
| 650 | 4 | _aCINE | |
| 650 | 4 | _aTELEVISION | |
| 650 | 4 | _aPUBLICIDAD | |
| 650 | 4 | _aPEDAGOGIA | |
| 650 | 4 | _aINTERACCION SOCIAL | |
| 650 | 4 | _aPOLITICA EDUCATIVA | |
| 700 | 1 |
_aSimon, Roger I. _ecolaborador |
|
| 700 | 1 |
_aTosaus Abadía, José Pedro _etraductor |
|
| 942 | _cBK | ||
| 998 | _cMarta | ||
| 999 |
_c16992 _d16992 |
||